| 000 | 01381nam a2200289 i 4500 | ||
|---|---|---|---|
| 001 | bg | ||
| 100 | 1 | _aCZKWIANIANC, Artem | |
| 245 | 1 | 0 |
_aSkurcz i pełzanie betonów samozagęszczalnych = _bShrinkage and creep of self compacting concrete SCC / _cArtem Czkwianianc, Jerzy Pawlica, Danuta Ulańska. |
| 260 |
_aŁódź : _bWydaw. Katedry Budownictwa Betonowego Wydziału Budownictwa, Architektury i Inżynierii Środowiska Politechniki Łódzkiej, _c2004. |
||
| 300 |
_a44 s. : _bfot., tab., wykr. ; _c29 cm. |
||
| 490 | 1 |
_aBadania Doświadczalne Elementów i Konstrukcji Betonowych, _x1230-6010 ; _vz. 12 |
|
| 500 | _aPracę wykonano w ramach projektu badawczego nr 8 T07E 018 20 finansowanego przez Komitet Badań Naukowych. - Tekst równol. pol., ang. | ||
| 504 | _aBibliogr. s. 22. | ||
| 650 | 9 |
_aBeton samozagęszczalny _xmechanika |
|
| 650 | 9 | _aNaprężenia i odkształcenia | |
| 650 | 9 | _aSprężystość | |
| 650 | 9 | _aWytrzymałość materiałów | |
| 700 | 1 | _aPAWLICA, Jerzy | |
| 700 | 1 | _aULAŃSKA, Danuta | |
| 830 |
_aBadania Doświadczalne Elementów i Konstrukcji Betonowych, _x1230-6010 ; |
||
| 040 | _cBPK | ||
| 041 | 1 |
_apoleng _hpol |
|
| 080 | _a666.97/.98:539.3/.6 | ||
| 942 | _cKS | ||
| 008 | s pl f |000 0 pol | ||
| 999 |
_c45307 _d45307 |
||
| 856 |
_uhttp://koha.tu.koszalin.pl/cgi-bin/koha/opac-detail.pl?biblionumber=45307 _yKatalog online BPK |
||